Deutsche Städte über 100k Einwohner - Statistiken

Allgemein
  • Dieses Quiz wurde 113 mal gespielt
  • Das Durchschnittsergebnis liegt bei 56 aus 80
Antwortstatistiken
Einwohner Antwort % Korrekt
3.685.000 Berlin
99%
1.505.000 München
99%
1.863.000 Hamburg
98%
756.000 Frankfurt am Main
95%
1.025.000 Köln
95%
530.000 Nürnberg
95%
619.000 Düsseldorf
93%
253.000 Kiel
93%
613.000 Stuttgart
93%
586.000 Bremen
92%
565.000 Dresden
92%
612.000 Leipzig
92%
603.000 Dortmund
89%
575.000 Essen
88%
558.000 Hannover
88%
225.000 Mainz
87%
301.000 Augsburg
85%
219.000 Erfurt
82%
237.000 Freiburg im Breisgau
82%
359.000 Bochum
81%
205.000 Rostock
81%
268.000 Gelsenkirchen
80%
309.000 Karlsruhe
80%
332.000 Bielefeld
79%
318.000 Mannheim
79%
261.000 Aachen
78%
502.000 Duisburg
78%
244.000 Magdeburg
76%
185.000 Potsdam
76%
308.000 Münster
75%
289.000 Wiesbaden
75%
187.000 Saarbrücken
74%
246.000 Chemnitz
73%
151.000 Regensburg
73%
358.000 Wuppertal
73%
323.000 Bonn
72%
156.000 Heidelberg
72%
217.000 Lübeck
72%
141.000 Ingolstadt
71%
169.000 Leverkusen
71%
130.000 Ulm
71%
253.000 Braunschweig
69%
104.000 Trier
69%
227.000 Halle (Saale)
68%
110.000 Jena
68%
130.000 Wolfsburg
68%
132.000 Fürth
67%
197.000 Kassel
67%
267.000 Mönchengladbach
67%
166.000 Osnabrück
67%
156.000 Paderborn
67%
119.000 Bremerhaven
66%
113.000 Koblenz
66%
133.000 Würzburg
66%
177.000 Ludwigshafen am Rhein
65%
167.000 Darmstadt
61%
177.000 Oldenburg
60%
125.000 Göttingen
59%
180.000 Hamm
59%
231.000 Krefeld
59%
100.000 Kaiserslautern
56%
133.000 Offenbach am Main
56%
166.000 Solingen
54%
116.000 Erlangen
53%
190.000 Hagen
53%
214.000 Oberhausen
53%
105.000 Salzgitter
52%
103.000 Siegen
49%
132.000 Heilbronn
48%
115.000 Bergisch Gladbach
47%
173.000 Mülheim an der Ruhr
47%
154.000 Neuss
47%
156.000 Herne
46%
117.000 Reutlingen
46%
114.000 Remscheid
45%
100.000 Gütersloh
44%
119.000 Bottrop
42%
135.000 Pforzheim
42%
115.000 Recklinghausen
41%
102.000 Moers
36%
Keine übereinstimmenden Quizze gefunden
Verteilung der Resultate
Anzahl Personen mit jedem Resultat
Perzentil nach korrekt beantworteten Fragen
Ihre Resultats-Entwicklung
Sie haben dieses Quiz noch nicht gespielt